000 00687nam a2200229Ia 4500
005 20250508164704.0
008 008 250505s9999 xx 000 0 eng d
020 _a81-250-2674-6
037 _aReference
040 _aFEDL
_beng
_cFEDL
041 _aeng
_2eng
084 _a370.15, GRE/RR
_qFEDL
100 _aGredler Margaret E
_9778864
245 0 _aVygotsky's legacy : A foundation for research and practice
260 _aNew York, USA
_bThe Guilford Press
_c2008
300 _axi,242p.
365 _aUSD
_b35
650 _aEducational psychology
700 _a Shields Carolyn Claytor
_9778865
942 _cREF
_h370.15, GRE/RR
999 _c1390578
_d1390578